000 00787nam a2200217Ia 4500
005 20240530110934.0
008 140319s xx 000 0 ara d
040 _aGCL /
_cGCL
082 0 4 _a811.9 /
_bص ر
100 1 _aصلاح جاهين
245 1 0 _aالرباعيات :
_bاشعار بالعامية المصرية /
_cتاليف صلاح جاهين ؛ رسوم ادم حنين
260 _aالقاهرة :
_bوكالة سفنكس للفنون والاداب ،
_cد . ت
300 _a160 ص ؛
_b20 سم
650 0 4 _aالشعر العربى
650 0 4 _aالادب العربى
650 0 4 _aالعصر الحديث
650 0 4 _aصلاح جاهين
700 _aادم حنين
_eرسوم
942 _2ddc
_cBK
999 _c66700
_d66700